| 000 | 00472nam a22001577u 4500 | ||
|---|---|---|---|
| 008 | 130405s1998 xxu||||| |||| 00| 0 spa d | ||
| 020 | _a8489733694 | ||
| 041 | _aspa | ||
| 100 | 1 |
_aPrieto Ramiro, Rafael _929668 |
|
| 245 | 0 | 0 |
_aLa A con la B, la B con la A: ABBA _b:Adviento y Navidad 1998 _cRafael Prieto Ramiro |
| 260 |
_aMadrid: _bCaritas EspaƱola, _c1998 |
||
| 300 |
_a223 p. _c;21 cm. |
||
| 650 | 0 | 4 |
_aLiturgia _xNavidad y adviento _918909 |
| 942 | _cBK | ||
| 001 | 65578 | ||
| 999 |
_c255944 _d255944 |
||